000 00283nam a2200121 a 4500
008 101210s1949|||| d
100 1 _aIsačenko, A.-Petrov, S. M.
245 1 0 _aA.S.Puškin
260 _bTatran
_aBratislava
_c1949
020 _c40
041 _aslo
044 _axo
_cSK
999 _c15126
_d15126